Sri Guru Granth Sahib (Universal scripture of Mankind) (Record no. 6775)

MARC details
000 -LEADER
fixed length control field 00804 a2200205 4500
005 - DATE AND TIME OF LATEST TRANSACTION
control field 20080908152832.0
008 - FIXED-LENGTH DATA ELEMENTS--GENERAL INFORMATION
fixed length control field 080908t xxu||||| |||| 00| 0 eng d
010 ## - LIBRARY OF CONGRESS CONTROL NUMBER
LC control number ENG-87671
020 ## - INTERNATIONAL STANDARD BOOK NUMBER
Terms of availability 100.00
035 ## - SYSTEM CONTROL NUMBER
System control number EN-71204
037 ## - SOURCE OF ACQUISITION
Source of stock number/acquisition DBAD / PUB
082 ## - DEWEY DECIMAL CLASSIFICATION NUMBER
Classification number 260
100 ## - MAIN ENTRY--PERSONAL NAME
Personal name Nanak Singh Nishter
245 ## - TITLE STATEMENT
Title Sri Guru Granth Sahib (Universal scripture of Mankind)
Remainder of title teachings for Muslims
Statement of responsibility, etc by Nanak Singh Nishter
260 ## - PUBLICATION, DISTRIBUTION, ETC. (IMPRINT)
Place of publication, distribution, etc Hyderabad
Name of publisher, distributor, etc International Sikh Centre for Interfaith relations
Date of publication, distribution, etc 2007
270 ## - ADDRESS
Address Sant Bhavan, 15-3-137, Gowliguda Chaman
City Hyderabad
Postal code 500 012
300 ## - PHYSICAL DESCRIPTION
Extent 198 p.
Dimensions 21 cm ( Hb.)
942 ## - ADDED ENTRY ELEMENTS (KOHA)
Institution code [OBSOLETE] dpl
Koha item type English Books
Call number prefix 260/NAN
Source of classification or shelving scheme Dewey Decimal Classification
Classification part 260
Call number suffix NAN
Holdings
Withdrawn status Lost status Damaged status Not for loan Collection code Home library Current library Date acquired Cost, normal purchase price Total Checkouts Full call number Barcode Date last seen Copy number Uniform Resource Identifier Cost, replacement price Price effective from Koha item type
      Not For Loan Non-fiction D.B.Act.Division D.B.Act.Division 08/09/2008 100.00   260 NAN EN-71204 15/09/2008 1 7277 100.00 15/09/2008 English Books

© Delhi Public Library
Hit Counter
free hit counter